Markov processes /

Guardado en:
Autor Principal: Dynkin, E. B. 1924-
Formato: Libro
Idioma:English
Russian
Publicado: New York : Berlin : Academic Press ; Springer, 1965.
Series:Die Grundlehren der mathematischen Wissenschaften in Einzeldarstellungen mit besonderer Berücksichtigung der Anwendungsgebiete ; Bd. 121-122
Etiquetas: Agregar Etiqueta
Sin Etiquetas, Sea el primero en etiquetar este registro!
LEADER 01156nam a22002535 4500
001 MAT.inmabb001952
008 840117s1965####nyu###########001#0#eng#d
005 20170512152830.0
245 1 0 |a Markov processes /  |c by E. B. Dynkin ; translated with the authorization and assistance of the author by J. Fabius ... [et al.]. 
260 |a New York :  |b Academic Press ;  |a Berlin :  |b Springer,  |c 1965. 
300 |a 2 v. ;  |c 24 cm. 
440 4 |a Die Grundlehren der mathematischen Wissenschaften in Einzeldarstellungen mit besonderer Berücksichtigung der Anwendungsgebiete ;  |v Bd. 121-122 
500 |a Traducción de: [Markovskie protsessy]. 
504 |a Bibliografía: v. 2, p. 258-266. 
510 4 |a MR,  |c 33 #1886  |3 (del original en ruso) 
100 1 |a Dynkin, E. B.  |q (Evgenii Borisovich),  |d 1924- 
240 1 0 |a Markovskie protsessy.  |l Inglés 
084 |a 60Jxx  |2 msc2000 
010 |a  64024812  
041 1 |a eng  |h rus 
859 |h 60  |i D997m  |p A-3575  |v 1  |3 Vol. I  |b BIB. MATEMATICA 
859 |h 60  |i D997m  |p A-6572  |t ej. 2  |3 Vol. I  |b BIB. MATEMATICA 
859 |h 60  |i D997m  |p A-3576  |v 2  |3 Vol. II  |b BIB. MATEMATICA 
859 |h 60  |i D997m  |p A-6573  |t ej. 2  |v 2  |3 Vol. II  |b BIB. MATEMATICA